<?xml version="1.0" encoding="UTF-8"?><?xml-stylesheet type="text/xsl" href="static/style.xsl"?><OAI-PMH xmlns="http://www.openarchives.org/OAI/2.0/" xmlns:xsi="http://www.w3.org/2001/XMLSchema-instance" xsi:schemaLocation="http://www.openarchives.org/OAI/2.0/ http://www.openarchives.org/OAI/2.0/OAI-PMH.xsd"><responseDate>2026-04-19T08:12:40Z</responseDate><request verb="GetRecord" identifier="oai:riubu.ubu.es:10259/10910" metadataPrefix="marc">https://riubu.ubu.es/oai/request</request><GetRecord><record><header><identifier>oai:riubu.ubu.es:10259/10910</identifier><datestamp>2025-10-02T00:05:30Z</datestamp><setSpec>com_10259_5088</setSpec><setSpec>com_10259_2728</setSpec><setSpec>col_10259_5421</setSpec></header><metadata><record xmlns="http://www.loc.gov/MARC21/slim" xmlns:doc="http://www.lyncode.com/xoai" xmlns:xsi="http://www.w3.org/2001/XMLSchema-instance" xmlns:dcterms="http://purl.org/dc/terms/" xsi:schemaLocation="http://www.loc.gov/MARC21/slim http://www.loc.gov/standards/marcxml/schema/MARC21slim.xsd">
<leader>00925njm 22002777a 4500</leader>
<datafield tag="042" ind1=" " ind2=" ">
<subfield code="a">dc</subfield>
</datafield>
<datafield tag="720" ind1=" " ind2=" ">
<subfield code="a">Mateos Mateos, Patricia</subfield>
<subfield code="e">author</subfield>
</datafield>
<datafield tag="260" ind1=" " ind2=" ">
<subfield code="c">2025-01</subfield>
</datafield>
<datafield tag="520" ind1=" " ind2=" ">
<subfield code="a">Introducción:&#xd;
La creciente prevalencia de problemas de salud mental entre&#xd;
adolescentes europeos, como la ansiedad y la depresión, destaca la&#xd;
necesidad de intervenciones escolares efectivas. Este estudio revisa&#xd;
sistemáticamente la literatura sobre programas de promoción de salud&#xd;
mental en escuelas europeas, analizando su efectividad, enfoques&#xd;
metodológicos y lecciones clave para mejorar el bienestar estudiantil.&#xd;
Métodos:&#xd;
Mediante el modelo Prisma 2020, se realizó un análisis sistemático en&#xd;
Web of Science, Scopus y PubMed, aplicando filtros de acceso, idioma,&#xd;
ubicación geográfica y relevancia temática. Se seleccionaron 34&#xd;
estudios sobre intervenciones preventivas y programas de&#xd;
alfabetización en salud mental en escuelas europeas, evaluados con&#xd;
metodologías cuantitativas y cualitativas.&#xd;
Resultados:&#xd;
Los programas revisados, como MindMatters en Alemania y Place2Be&#xd;
en el Reino Unido, evidenciaron mejoras en el bienestar socioemocional&#xd;
y el ambiente escolar, además de reducir síntomas de ansiedad y&#xd;
depresión. Se destacó la relevancia de la capacitación docente, la&#xd;
intervención temprana y un entorno escolar seguro. No obstante,&#xd;
algunos resultados inconsistentes sugieren que factores contextuales,&#xd;
como políticas educativas y calidad de implementación, afectan su&#xd;
efectividad.&#xd;
Discusión:&#xd;
La revisión confirma la eficacia de los programas de salud mental en&#xd;
colegios europeos y subraya la necesidad de adaptarlos a contextos&#xd;
nacionales. Destaca la importancia de la personalización, evaluaciones longitudinales y estudios comparativos entre países para lograr un&#xd;
impacto sostenible e integrar estos programas en las políticas&#xd;
educativas.</subfield>
</datafield>
<datafield tag="520" ind1=" " ind2=" ">
<subfield code="a">Introduction:&#xd;
The increasing prevalence of mental health issues among European&#xd;
adolescents, such as anxiety and depression, highlights the need for&#xd;
effective school-based interventions. This study systematically reviews&#xd;
the literature on mental health promotion programmes in European&#xd;
schools, analysing their effectiveness, methodological approaches, and&#xd;
key lessons for enhancing student well-being.&#xd;
Methods:&#xd;
Using the Prisma 2020 model, a systematic analysis was conducted&#xd;
across Web of Science, Scopus, and PubMed, applying filters for access,&#xd;
language, geographical location, and thematic relevance. A total of 34&#xd;
studies were selected, focusing on preventive interventions and mental&#xd;
health literacy programmes implemented in European schools,&#xd;
evaluated through quantitative and qualitative methodologies.&#xd;
Results:&#xd;
The reviewed programmes, such as MindMatters in Germany and&#xd;
Place2Be in the United Kingdom, demonstrated improvements in socio-emotional well-being and school environments, as well as reductions&#xd;
in anxiety and depression symptoms. The studies emphasised the&#xd;
importance of teacher training in mental health, early intervention, and&#xd;
creating a safe and supportive school environment. However, some&#xd;
inconsistent results indicate that contextual factors, such as national&#xd;
education policies and implementation quality, significantly influence&#xd;
programme effectiveness.&#xd;
Discussion:&#xd;
The review confirms the effectiveness of school-based mental health&#xd;
programmes in Europe and underscores the need to adapt&#xd;
interventions to national contexts. It highlights the importance of&#xd;
personalisation, longitudinal evaluations, and comparative studies&#xd;
across countries to achieve sustainable impact and integrate these&#xd;
programmes into national education policies.</subfield>
</datafield>
<datafield tag="024" ind2=" " ind1="8">
<subfield code="a">https://hdl.handle.net/10259/10910</subfield>
</datafield>
<datafield ind1=" " ind2=" " tag="653">
<subfield code="a">Salud mental escolar</subfield>
</datafield>
<datafield ind1=" " ind2=" " tag="653">
<subfield code="a">Adolescentes</subfield>
</datafield>
<datafield ind1=" " ind2=" " tag="653">
<subfield code="a">Programas de intervención</subfield>
</datafield>
<datafield ind1=" " ind2=" " tag="653">
<subfield code="a">Bienestar emocional</subfield>
</datafield>
<datafield ind1=" " ind2=" " tag="653">
<subfield code="a">Europa</subfield>
</datafield>
<datafield ind1=" " ind2=" " tag="653">
<subfield code="a">School mental health</subfield>
</datafield>
<datafield ind1=" " ind2=" " tag="653">
<subfield code="a">Adolescents</subfield>
</datafield>
<datafield ind1=" " ind2=" " tag="653">
<subfield code="a">Intervention programmes</subfield>
</datafield>
<datafield ind1=" " ind2=" " tag="653">
<subfield code="a">Emotional well-being</subfield>
</datafield>
<datafield ind1=" " ind2=" " tag="653">
<subfield code="a">Europe</subfield>
</datafield>
<datafield tag="245" ind1="0" ind2="0">
<subfield code="a">Eficacia y retos de los programas de promoción de la salud mental en el ámbito escolar: una revisión sistemática de experiencias europeas</subfield>
</datafield>
</record></metadata></record></GetRecord></OAI-PMH>